Les divertissement sur TF1 - Statistiques

Statistiques générales
  • Ce quiz a été pris 386 fois
  • Le résultat moyen est 11 sur 15
Statistiques - réponses
Hint Réponse % Correct
Je suis le plus grand gagnant des 12 coups de midi Emilien
92%
Je suis l'actrice qui joue Joséphine dans Joséphine, ange gardien Mimie Mathy
92%
Je suis le présentateur de la star academy et de the voice Nikos Aliagas
90%
Je suis le présentateur de VTEP Arthur
85%
Quel rôle joue Audrey Fleurot dans HPI? Morgane Alvaro
84%
J'ai été le danseur vainqueur de cette saison 13 Anthony Colette
79%
Je suis le dirigeant du camping paradis Tom Delormes
78%
Je suis le présentateur de "Bonjour" Bruce Toussaint
76%
Je joue dans Panda et je suis l'acteur principal Julien Doré
76%
J'ai remportée la star academy saison 12 Marine Delplace
76%
J'ai remporté dalsi Domingo
70%
J'ai remportée dals saison 13 Natasha st Pier
63%
J'ai remporté la saison 26 de koh-lanta Thibault
62%
Je suis le mari de Gabriel Riva dans plus belle la vie Thomas Marci
61%
J'ai remporté la saison 13 de the voice Alphonse Marie
32%
Aucun quiz correspondant
Distribution des résultats
% des personnes avec chaque résultat
Percentile par nombre de réponses
Votre historique - résultats
Vous n’avez pas pris ce quiz